Online katalóg knižníc regiónu Turca

Ferdo v cudzích službách (Record no. 21560)

MARC details
000 -LEADER
fixed length control field 01707cam a2200469 a 4500
001 - CONTROL NUMBER
control field 21560
003 - CONTROL NUMBER IDENTIFIER
control field VRT
005 - DATE AND TIME OF LATEST TRANSACTION
control field 20260305084701.0
008 - FIXED-LENGTH DATA ELEMENTS--GENERAL INFORMATION
fixed length control field 210906s2002 xo a jr 0000j slo
015 ## - NATIONAL BIBLIOGRAPHY NUMBER
National bibliography number SNBA2003/06-01937
020 ## - INTERNATIONAL STANDARD BOOK NUMBER
International Standard Book Number 808902811X
035 ## - SYSTEM CONTROL NUMBER
System control number SNK000402034
035 ## - SYSTEM CONTROL NUMBER
System control number urn:nbn:sk:snk-am3itb7
035 ## - SYSTEM CONTROL NUMBER
System control number FC011AE5-C544-4991-AF65-F70FB3C4DC9E
035 ## - SYSTEM CONTROL NUMBER
System control number urn:nbn:sk:snk-am00fh40
039 #9 - LEVEL OF BIBLIOGRAPHIC CONTROL AND CODING DETAIL [OBSOLETE]
Level of rules in bibliographic description 202210100827
Level of effort used to assign nonsubject heading access points msnk115
Level of effort used to assign subject headings 202109061608
Level of effort used to assign classification VLOAD
Level of effort used to assign subject headings 202108271612
Level of effort used to assign classification VLOAD
Level of effort used to assign subject headings 202106231703
Level of effort used to assign classification VLOAD
040 ## - CATALOGING SOURCE
Original cataloging agency SNK
Language of cataloging slo
Transcribing agency SNK
Description conventions AACR2
041 1# - LANGUAGE CODE
Language code of text/sound track or separate title slo
Language code of original cze
044 ## - COUNTRY OF PUBLISHING/PRODUCING ENTITY CODE
MARC country code xo
ISO country code SK
072 #7 - SUBJECT CATEGORY CODE
Subject category code 821-93
Subject category code subdivision Literatúra pre deti a mládež
Source konspekt
072 #7 - SUBJECT CATEGORY CODE
Subject category code 821.162.3
Subject category code subdivision Česká literatúra
Source konspekt
080 ## - UNIVERSAL DECIMAL CLASSIFICATION NUMBER
Universal Decimal Classification number 821.162.3-34
Edition identifier 2011
080 ## - UNIVERSAL DECIMAL CLASSIFICATION NUMBER
Universal Decimal Classification number 82-34:808.1
Edition identifier 2011
080 ## - UNIVERSAL DECIMAL CLASSIFICATION NUMBER
Universal Decimal Classification number 82-93-053.4/.5
Edition identifier 2011
100 1# - MAIN ENTRY--PERSONAL NAME
Personal name Sekora, Ondřej,
Dates associated with a name 1899-1967
Relationship aut
-- ill
245 10 - TITLE STATEMENT
Title Ferdo v cudzích službách
Statement of responsibility, etc. Ondřej Sekora ; [z českého originálu preložila Hana Zelinová ; kresby autor]
250 ## - EDITION STATEMENT
Edition statement 1. vyd.
260 ## - PUBLICATION, DISTRIBUTION, ETC.
Place of publication, distribution, etc. Bratislava
Name of publisher, distributor, etc. Buvik
Date of publication, distribution, etc. 2002
300 ## - PHYSICAL DESCRIPTION
Extent 75 strán
Other physical details farebné ilustrácie
Dimensions 22 cm
500 ## - GENERAL NOTE
General note Farebné ilustrácie na titulnej strane, frontispice a predsádkach ; preložené z češtiny
500 ## - GENERAL NOTE
General note Celkovo 6. vyd.
655 #7 - INDEX TERM--GENRE/FORM
Genre/form data or focus term české rozprávky
Source of term SNKPH
655 #7 - INDEX TERM--GENRE/FORM
Genre/form data or focus term autorské rozprávky
Source of term SNKPH
655 #7 - INDEX TERM--GENRE/FORM
Genre/form data or focus term literatúra pre deti
Source of term SNKPH
700 1# - ADDED ENTRY--PERSONAL NAME
Personal name Zelinová, Hana,
Dates associated with a name 1914-2004
Relationship trl
910 ## - USER-OPTION DATA (OCLC)
User-option data snk
942 ## - ADDED ENTRY ELEMENTS (KOHA)
Source of classification or shelving scheme Dewey Decimal Classification
Koha item type Krásna literatúra pre deti
Suppress in OPAC No
949 ## - LOCAL PROCESSING INFORMATION (OCLC)
6 2889368932
a savukPV 6329
949 ## - LOCAL PROCESSING INFORMATION (OCLC)
6 17A0369761
a snkSC 110267
b snkKSP 92/2003
s 6100:20210304
949 ## - LOCAL PROCESSING INFORMATION (OCLC)
6 17A0369760
a snkSC 110267 D1
b snkKSP 93/2003
949 ## - LOCAL PROCESSING INFORMATION (OCLC)
6 273K0117198
a svkpoB 70846
b svkpo455316
Holdings
Stav vyradenia Strata Poškodenie Spôsob nadobudnutia Domovská knižnica Aktuálna knižnica Dátum nadobudnutia Total checkouts Čiarový kód exemplára Date last seen Typ exemplára
      Dar Obecná knižnica Turčianska Štiavnička Obecná knižnica Turčianska Štiavnička 05.03.2026   4738000240 05.03.2026 Krásna literatúra pre deti
Projekt je podporený Slovenskou asociáciou knižníc
Prevádzkuje Turčianska knižnica Martin 2026